Mangas par les 2 personnages les plus connus - Statistiques

Statistiques générales
  • Ce quiz a été pris 421 fois
  • Le résultat moyen est 13 sur 15
Statistiques - réponses
Indice Réponse % Correct
Naruto / Sasuke Naruto
100%
Son Goku / Vegeta Dragon ball
99%
Luffy / Zoro One piece
99%
Gon / Kirua Hunter X Hunter
95%
Eren / Mikasa L'attaque des titans
94%
Tanjiro / Nezuko Demon slayer
93%
Midoriya / Bakugo My hero academia
93%
Saitama / Genos One punch man
93%
Light / Ryuk Death note
91%
Natsu / Lucy Fairy Tail
90%
Itadori / Gojo Jujutsu kaisen
85%
Meliodas / Elisabeth Seven Deadly Sins
79%
Asta / Yuno Black clover
73%
Kuroko / Kagami Kuroko's basket
63%
Yoichi / Nagi Blue lock
48%
Aucun quiz correspondant
Distribution des résultats
% des personnes avec chaque résultat
Percentile par nombre de réponses
Votre historique - résultats
Vous n’avez pas pris ce quiz